[Event "Cattolica Spring Mix"]
[Site "Cattolica"]
[Date "2022.03.11"]
[Round "3"]
[White "Dimitrov, Radoslav"]
[Black "Pfreundt, Jakob"]
[Result "1-0"]
[WhiteElo "2487"]
[BlackElo "2392"]
[PlyCount "83"]
[EventDate "2022.03.10"]
[EventType "swiss"]
[EventRounds "9"]
[EventCountry "ITA"]
[SourceTitle "CBM 207 Extra"]
[Source "ChessBase"]
[SourceDate "2022.05.31"]
[SourceVersion "1"]
[SourceVersionDate "2022.05.31"]
[SourceQuality "1"]

1. e4 c5 2. Nc3 e6 3. f4 d5 4. Nf3 dxe4 5. Nxe4 Nc6 6. g3 Be7 7. Bg2 Nh6 ({RR} 7... Nf6 8. Qe2 O-O 9. c3 Qc7 10. O-O b6 11. Nf2 Bb7 12. Re1 Rad8 13. d3 Rd7 14. Bd2 Rfd8 15. Rad1 Bf8 16. Bc1 Ne7 17. Ne5 Rd6 18. Nc4 R6d7 19. Ne5 Rd6 20. Nc4 R6d7 21. Ne5 Rd6 {½-½ (21) Kasimdzhanov,R (2661)-Harikrishna,P (2719) ICC INT 2020}) ({RR} 7... Nf6 8. Nf2 O-O 9. O-O Bd7 10. Nd3 Qc7 11. Re1 Rfd8 12. Nde5 Nxe5 13. Nxe5 Be8 14. Qf3 Nd5 15. a3 c4 16. d4 cxd3 17. cxd3 Qa5 18. Rf1 Rac8 19. f5 Qc5+ 20. Kh1 f6 21. Ng4 e5 22. h4 {Spieker,O (1432)-Marques Junior,M (1818) Florianopolis BRA 2024 0-1 (69)}) 8. O-O Nf5 9. d3 h5 $146 ({RR} 9... O-O 10. c3 Qb6 11. Qe2 Rd8 12. Nfd2 Rxd3 13. Nc4 Qd8 14. Ne5 Nxe5 15. fxe5 Rd7 16. Qf3 Qe8 17. Bf4 Rd8 18. Qg4 Kh8 19. Qh5 f6 20. Qf3 Bd7 21. Qf2 Bb5 22. Rfe1 fxe5 23. Bxe5 Qf8 24. Qf4 {Khandelwal,K (1670)-Bommini,M (1732) Ulaanbaatar 2016 1-0}) 10. h3 Qc7 11. c3 b6 12. Qe2 Bb7 13. a3 Na5 14. Nfd2 Rd8 15. Rf3 c4 16. dxc4 h4 17. b4 hxg3 18. bxa5 Nh4 19. Nxg3 Qc6 20. Bh1 Rxd2 21. Bxd2 Nxf3+ 22. Kf2 Nxd2 23. Bxc6+ Bxc6 24. Qxd2 Rxh3 25. Nf1 Bf3 26. Qb2 Bc5+ 27. Ke1 Rh1 28. axb6 axb6 29. a4 Rg1 30. Ra2 Ke7 31. a5 bxa5 32. Rxa5 Be3 33. Qh2 Bb6 34. Rb5 Ba7 35. Qh4+ f6 36. c5 Rg2 37. Nd2 Bc6 38. Rb6 Rg1+ 39. Kf2 Rg2+ 40. Ke3 Bd7 41. Kd3 e5 42. Rb7 1-0

[Event "Abu Dhabi Masters Online"]
[Site "chess.com INT"]
[Date "2024.08.21"]
[Round "1"]
[White "Obregon Rivero, J.."]
[Black "Pak, Y.."]
[Result "1-0"]
[WhiteElo "2487"]
[BlackElo "2317"]
[PlyCount "79"]
[EventDate "2024.08.21"]

1. e4 c5 2. d4 cxd4 3. c3 dxc3 4. Nxc3 Nc6 5. Nf3 e6 6. Bc4 Bb4 7. O-O Nge7 8. Nb5 O-O ({RR} 8... d5 9. exd5 exd5 10. Bxd5 Nxd5 11. Qxd5 O-O 12. Qh5 a6 13. Nc3 Qd3 14. Nd5 Qf5 15. Qxf5 Bxf5 16. a3 Bd6 17. Rd1 Rad8 18. Be3 Be4 19. Nc3 Bxf3 20. gxf3 Be5 21. Nd5 Bxb2 22. Rab1 Bxa3 23. Rxb7 {Nguyen Ngoc Truong Son (2646)-Fishbein,A (2391) chess.com INT 2024 ½-½ (78)}) 9. Nd6 ({RR} 9. Bf4 d5 10. Nc7 e5 11. Nxa8 exf4 12. exd5 Na5 13. Qa4 Bd6 14. Bb5 a6 15. b4 Bg4 16. Be2 Bxf3 17. gxf3 Nf5 18. bxa5 Qh4 19. Kh1 Rxa8 20. Rg1 Re8 21. Bd3 Re5 22. Bxf5 Rxf5 23. Qd7 Rh5 {Elier,A (2160)-Diao,M (2097) chess.com INT 2024 1-0 (35)}) 9... a6 10. a3 $146 ({RR} 10. Bf4 b5 11. Bb3 Ng6 12. Bg3 Bxd6 13. Bxd6 Re8 14. Qd2 Bb7 15. Rad1 Na5 16. Bg3 Nxb3 17. axb3 Bxe4 18. Qxd7 Bd5 19. Qxd8 Rexd8 20. b4 f6 21. h4 e5 22. h5 Ne7 23. Nh4 Kf7 24. Rd2 Be6 {Ciuffoletti,P (2106)-Royal,S (2438) chess.com INT 2023 0-1 (46)}) 10... Bxd6 11. Qxd6 b5 12. Ba2 Ng6 13. Rd1 Qe7 14. Qg3 Bb7 15. h4 h5 16. Ng5 Rad8 17. Qf3 f6 18. Qxh5 fxg5 19. Qxg6 Qf6 20. Qxf6 gxf6 21. hxg5 fxg5 22. Bxg5 Rde8 23. Rxd7 Rf7 24. Rxf7 Kxf7 25. Rd1 Nb8 26. f3 Kg6 27. Bf4 e5 28. Rd6+ Kg7 29. Bh6+ Kh7 30. Be3 Bc8 31. Ba7 Nd7 32. Bf7 Re7 33. Bg6+ Kg7 34. Bf5 Nf6 35. Be3 Bxf5 36. exf5 e4 37. Bg5 Rf7 38. Bxf6+ Rxf6 39. Rxf6 Kxf6 40. fxe4 1-0

[Event "Titled Tue 5th Nov Late"]
[Site "chess.com INT"]
[Date "2024.11.05"]
[Round "6"]
[White "Obregon Rivero, J.."]
[Black "Bobkov, Vadim"]
[Result "1-0"]
[WhiteElo "2486"]
[BlackElo "2253"]
[PlyCount "63"]
[EventDate "2024.11.05"]

1. e4 c5 2. d4 cxd4 3. c3 dxc3 4. Nxc3 d6 5. Nf3 Nc6 6. Bc4 e6 7. O-O Nf6 8. Qe2 Be7 9. Rd1 e5 10. Be3 O-O 11. Rac1 Bg4 12. h3 Bxf3 13. Qxf3 Rc8 14. a3 a6 15. Ba2 b5 16. b4 Qd7 17. g4 h6 18. Kh2 $146 ({RR} 18. Ne2 a5 19. bxa5 Nxa5 20. Ng3 Nc4 21. Bxc4 Rxc4 22. Rxc4 bxc4 23. Nf5 Rc8 24. Bxh6 gxh6 25. Nxh6+ Kh8 26. g5 Nh7 27. Nxf7+ Kg7 28. h4 Rf8 29. g6 Qe6 30. h5 Ng5 31. h6+ Kxg6 32. Nxg5 Bxg5 {Lochte,T (2146)-Roeder,F (2245) Bad Neustadt 2003 0-1 (33)}) ({RR} 18. Qg2 Nd8 19. Nd5 Nxd5 20. exd5 Bg5 21. Rxc8 Qxc8 22. Rc1 Qd7 23. Bxg5 hxg5 24. Qe4 g6 25. Qe3 f5 26. Qxg5 Kg7 27. gxf5 Rxf5 28. Qe3 Nf7 29. Bb1 Rg5+ 30. Kh2 Rh5 31. Rg1 Rh6 32. Rg3 Qe7 {Ask,J (2060)-Eriksson,A (2290) Ronneby 1998 ½-½ (64)}) 18... Rfd8 19. Kh1 Rf8 20. g5 hxg5 21. Bxg5 Nd4 22. Qg2 Nh5 23. Be3 Bf6 24. Rg1 Kh7 25. Nd5 Rxc1 26. Rxc1 Rc8 27. Rg1 Qd8 28. Qg4 g6 29. Nb6 Rc7 30. Bxf7 Rb7 31. Qxg6+ Kh8 32. Qxh5# 1-0

[Event "Titled Tue 1st Apr Early"]
[Site "chess.com INT"]
[Date "2025.04.01"]
[Round "8"]
[White "Obregon Rivero, J.."]
[Black "Novik, Ma"]
[Result "1-0"]
[WhiteElo "2485"]
[BlackElo "2398"]
[PlyCount "73"]
[EventDate "2025.04.01"]

1. e4 c5 2. d4 cxd4 3. c3 dxc3 4. Nxc3 Nc6 5. Nf3 d6 6. Bc4 Nf6 7. e5 dxe5 8. Qxd8+ Nxd8 9. Nb5 Rb8 10. Nxe5 e6 11. Bf4 Bb4+ 12. Kf1 a6 13. Nd3 axb5 14. Bxb5+ Bd7 15. Bxd7+ Kxd7 $146 ({RR} 15... Nxd7 16. Bxb8 Be7 17. Bf4 O-O 18. Rc1 Nc6 19. g3 Ra8 20. a3 Bf6 21. Kg2 e5 22. Be3 e4 23. Nc5 Nxc5 24. Bxc5 Bxb2 25. Rb1 Bxa3 26. Ra1 {1-0 (26) Kuznetsov,F (2074)-Gantsevich,D (1818) St Petersburg 2015}) 16. Bxb8 Nc6 17. Ne5+ Nxe5 18. Bxe5 Rc8 19. a3 Be7 20. Rd1+ Ke8 21. Ke2 Nd5 22. Rc1 Rd8 23. Bxg7 Bg5 24. Rcd1 Rc8 25. h4 Bf4 26. g3 Bd6 27. Rc1 Rd8 28. Rhd1 f6 29. Rxd5 exd5 30. Bxf6 Rd7 31. Rc8+ Kf7 32. Bd4 Be7 33. Rh8 Kg6 34. Rg8+ Kf5 35. Rg7 Ke4 36. Bf6 Bxf6 37. Rxd7 1-0

[Event "Titled Tue 21st Jan Early"]
[Site "chess.com INT"]
[Date "2025.01.21"]
[Round "7"]
[White "Obregon Rivero, J.."]
[Black "Fedotov, Nikita2"]
[Result "1-0"]
[WhiteElo "2485"]
[BlackElo "2311"]
[PlyCount "59"]
[EventDate "2025.01.21"]

1. e4 c5 2. d4 cxd4 3. c3 dxc3 4. Nxc3 Nc6 5. Nf3 d6 6. Bc4 a6 7. O-O Nf6 8. Bf4 e6 9. Qe2 Be7 10. Rfd1 Qc7 11. Rac1 O-O 12. a3 Nd7 ({RR} 12... b5 13. Ba2 Nh5 14. Be3 Qd7 15. e5 f5 16. Nd5 Bd8 17. exd6 Nf6 18. Ne7+ Nxe7 19. dxe7 Qxe7 20. Bc5 Qe8 21. Bxf8 Kxf8 22. Ng5 e5 23. Rxc8 Rxc8 24. Ne6+ Ke7 25. Qxe5 {1-0 (25) Obregon Rivero,J (2496)-Yoo,C (2588) chess.com INT 2024}) 13. Ba2 Qb8 14. h3 $146 ({RR} 14. b4 Nce5 15. Nd4 Nf6 16. h3 Bd7 17. Bh2 Rc8 18. f4 Nc6 19. Nf3 b5 20. e5 dxe5 21. fxe5 Qa7+ 22. Kh1 Ne8 23. Bb1 Rd8 24. Rd2 g6 25. Ne4 Rac8 26. Rcd1 Ng7 27. Nf6+ Bxf6 28. exf6 Ne8 {Blosze,W (1684)-Mueller,K (1898) Berlin 2010 1-0 (33)}) 14... Nde5 15. Nd2 b5 16. Bg3 Qa7 17. Kh2 Bb7 18. f4 Nd4 19. Qf1 Nd7 20. Bf2 e5 21. Nd5 Bd8 22. Nf3 Nxf3+ 23. gxf3 Qb8 24. Qg2 Nf6 25. Rg1 g6 26. Ne3 exf4 27. Nf5 d5 28. Bd4 dxe4 29. Qg5 Bd5 30. Bxf6 1-0

[Event "Titled Tue 21st May Late"]
[Site "chess.com INT"]
[Date "2024.05.21"]
[Round "9"]
[White "Obregon Rivero, J.."]
[Black "Gorovets, A.."]
[Result "1-0"]
[WhiteElo "2483"]
[BlackElo "2480"]
[PlyCount "75"]
[EventDate "2024.05.21"]

1. e4 {Horvath,Tamas} c5 2. d4 cxd4 3. c3 dxc3 4. Nxc3 Nc6 5. Nf3 e6 6. Bc4 a6 ({RR} 6... Qc7 7. O-O Nf6 8. Qe2 Ng4) 7. O-O Nge7 8. Bg5 h6 ({RR} 8... f6 9. Be3 Ng6 10. Nd4 Be7 11. Nxc6 bxc6 12. Qh5 O-O 13. f4 Rf7) 9. Bh4 b5 ({RR} 9... d6 10. Qe2 Qa5 ({RR} 10... Qc7 11. Rac1 Ng6 12. Bg3 Be7 13. Bb3 Qb8) 11. a3 Ng6 12. b4 Qc7 13. Bg3 Be7 14. Rac1 O-O 15. Ba2 Qb8 16. Nd2 Bd7 17. f4 Bf6 18. Qh5 b5 19. e5 dxe5 20. Nce4 Bd8 21. fxe5 ({RR} 21. f5 exf5 ({RR} 21... Nf4 22. Bxf4 exf4 23. Nc5 Bb6 24. Nde4 exf5 ({RR} 24... Qe5 25. Kh1 Bxc5 26. Nxc5 Be8 27. Rfe1 Qxf5 28. Qxf5 exf5 29. Bd5 Rc8 30. Ne6 Ne7 31. Rxc8 Nxc8 32. Nxf8 Kxf8) 25. Nf6+ gxf6 26. Qg6+ Kh8 27. Qxh6+ Kg8 28. Qg6+ Kh8 29. Qxf6+ Kg8 30. Qg5+ Kh7 31. Rxf4) 22. Qxg6 Kh8 23. Qd6) 21... Ncxe5 22. Nc5 Bc6 23. Nxe6 Bb6+ 24. Nc5 {Minasian,A (2580)-Ehlvest,J (2660) Yerevan 1996 CBM 053 [Horvath,Tamas] 0-1 (40)}) ({RR} 9... g5 10. Bg3 Ng6 11. Qe2 h5 12. h3 g4 13. hxg4 hxg4 14. Nh2 Nce5 15. Nxg4 Qg5 16. Nxe5 Nxe5 17. Rfd1 Qh6 18. f3 Bc5+ {0-1 (18) Roebers,J (2056)-Burmakin,E (2110) chess.com INT 2025}) 10. Bxb5 $146 ({RR} 10. Bb3 Qb6 11. Bg3 Ng6 12. e5 Bb7 13. Bc2 Be7 14. Bxg6 fxg6 15. Qd3 O-O 16. Rfd1 Rad8 17. Qxg6 Rxf3 18. gxf3 Nd4 19. Rxd4 Qxd4 20. Rd1 Qc4 21. Qd3 Qxd3 22. Rxd3 g5 {0-1 (22) Bien,J (2015)-Praszak,M (2123) Lublin 2013}) 10... axb5 11. Nxb5 d5 12. exd5 Ba6 13. a4 exd5 14. Bg3 Bxb5 15. axb5 Nb4 16. Qb3 Nf5 17. Rfe1+ Be7 18. Rxa8 Qxa8 19. Qxb4 O-O 20. Rxe7 Nxe7 21. Qxe7 Qa1+ 22. Qe1 Qxb2 23. Qf1 Rc8 24. Be5 Qa3 25. Bf4 Rc4 26. Be3 Qb4 27. b6 f5 28. g3 g5 29. Qd1 Qb5 30. Qa1 f4 31. gxf4 gxf4 32. Bd4 Qc6 33. Ne1 Rc1 34. Qa5 Qg6+ 35. Kf1 Qd3+ 36. Kg2 Qe4+ 37. f3 Qe2+ 38. Bf2 1-0

[Event "Titled Tuesday intern op 01st Mar Early"]
[Site "Chess.com INT"]
[Date "2022.03.01"]
[Round "9"]
[White "Bryakin, Mikhail"]
[Black "Godzwon, Iwo"]
[Result "1-0"]
[WhiteElo "2481"]
[BlackElo "2313"]
[PlyCount "77"]
[EventDate "2022.03.01"]
[EventType "swiss (blitz)"]
[EventRounds "11"]
[EventCountry "USA"]
[SourceTitle "CBM 207 Extra"]
[Source "ChessBase"]
[SourceDate "2022.05.31"]
[SourceVersion "1"]
[SourceVersionDate "2022.05.31"]
[SourceQuality "1"]

1. e4 c5 2. d4 cxd4 3. c3 dxc3 4. Nxc3 e6 5. Nf3 a6 6. Bg5 ({RR} 6. Bf4 d6 7. Qd2 Be7 8. O-O-O e5 9. Bg5 Nc6 10. Bxe7 Ngxe7 11. Qxd6 Qxd6 12. Rxd6 Bg4 13. Be2 Bxf3 14. Bxf3 h5 15. Bd1 Nd4 16. f4 Nec6 17. fxe5 Rd8 18. Ba4 b5 19. Bb3 Rxd6 20. exd6 Nxb3+ {Sanz Alonso,F (2387)-Romero Holmes,A (2461) Medina del Campo 2001 ½-½}) 6... Be7 ({RR} 6... Qc7 7. Bd3 Nc6 8. Rc1 h6 9. Bh4 Be7 10. Bg3 d6 11. O-O Nf6 12. e5 dxe5 13. Nxe5 Qa5 14. Nxc6 bxc6 15. Na4 Bb7 16. Qb3 Qb4 17. Qxb4 Bxb4 18. a3 Be7 19. Rfd1 O-O 20. Nb6 Rad8 21. Bc7 {Arevalo Salazar,D (1664)-Santiago Vilca,L (1745) Lima 2016 0-1}) 7. Bxe7 Nxe7 $146 8. Qd6 O-O 9. Bd3 Nbc6 10. O-O-O b5 11. h4 Qb6 12. h5 Qb8 13. e5 Bb7 14. h6 Qxd6 15. exd6 Ng6 16. Ne4 Nb4 17. Bb1 Nxa2+ 18. Kd2 Nb4 19. Neg5 Nd5 20. hxg7 Rfc8 21. Rxh7 Nf6 22. Rh6 Kxg7 23. Rdh1 Rh8 24. Nxf7 Kxf7 25. Bxg6+ Kg7 26. Rxh8 Rxh8 27. Rxh8 Kxh8 28. Ne5 Bxg2 29. Kc3 Kg7 30. Bd3 Be4 31. Be2 Bc6 32. Kb4 Bb7 33. Kc5 Bc8 34. Kb6 Nd5+ 35. Ka7 a5 36. Kb8 Kf6 37. Ng4+ Kg5 38. Kxc8 b4 39. Kxd7 1-0

[Event "Titled Tue 2nd Jul Late"]
[Site "chess.com INT"]
[Date "2024.07.02"]
[Round "9"]
[White "Obregon Rivero, J.."]
[Black "Gurevich, D.."]
[Result "1-0"]
[WhiteElo "2481"]
[BlackElo "2347"]
[PlyCount "69"]
[EventDate "2024.07.02"]

1. e4 c5 2. d4 cxd4 3. c3 dxc3 4. Nxc3 Nc6 5. Nf3 e6 6. Bc4 Bb4 7. O-O Nge7 8. Nb5 d5 9. exd5 exd5 10. Bf4 ({RR} 10. Bxd5 Nxd5 11. Qxd5 O-O 12. Qh5 a6 13. Nc3 Qd3 14. Nd5 Qf5 15. Qxf5 Bxf5 16. a3 Bd6 17. Rd1 Rad8 18. Be3 Be4 19. Nc3 Bxf3 20. gxf3 Be5 21. Nd5 Bxb2 22. Rab1 Bxa3 23. Rxb7 Rfe8 24. f4 Bf8 {Nguyen Ngoc Truong Son (2646)-Fishbein,A (2391) chess.com INT 2024 ½-½ (78)}) ({RR} 10. Bxd5 Nxd5 11. Qxd5 O-O 12. Qxd8 Rxd8 13. Bg5 f6 14. Be3 Bg4 15. Nfd4 Nxd4 16. Nxd4 Rac8 17. Rac1 a6 18. h3 Bh5 19. Ne6 Re8 20. Nc7 Red8 21. Ne6 Re8 22. Nc7 Re5 23. Bf4 Rc5 24. a3 Rxc1 {Domingo Nunez,A (2333)-Rosen,E (2377) chess.com INT 2025 0-1 (69)}) 10... dxc4 $146 ({RR} 10... O-O 11. Bb3 Be6 12. Nc7 Rc8 13. Nxe6 fxe6 14. Bg5 Qd6 15. a3 Ba5 16. Qe2 Bc7 17. g3 Nf5 18. Rad1 Bb6 19. Bf4 Qd7 20. Ne5 Nfd4 21. Nxd7 Nxe2+ 22. Kh1 Nxf4 23. Nxf8 Rxf8 24. gxf4 Rxf4 25. Kg2 {Swarnavo,C (1969)-Masum,H (2054) Dhaka 2021 0-1 (60)}) 11. Nc7+ Kf8 12. Qxd8+ Nxd8 13. Nxa8 Ne6 14. Bg3 b5 15. a4 c3 16. bxc3 Bxc3 17. Rac1 b4 18. Nc7 Nxc7 19. Bxc7 f6 20. Bf4 Bg4 21. Bd2 Nd5 22. Rfd1 Bxf3 23. gxf3 Kf7 24. Be3 Ke6 25. Bxa7 Ra8 26. Bd4 Rxa4 27. Bxc3 Nxc3 28. Rd2 Ke5 29. Re1+ Kf5 30. Rd7 b3 31. Rb7 Ra3 32. Kg2 Nd5 33. Rb5 b2 34. Rxd5+ Kg6 35. Rb1 1-0

[Event "Ceska Trebova op 3rd"]
[Site "Ceska Trebova"]
[Date "2007.08.14"]
[Round "6"]
[White "Simacek, Pavel"]
[Black "Pacher, Milan"]
[Result "1-0"]
[WhiteElo "2481"]
[BlackElo "2255"]
[PlyCount "49"]
[EventDate "2007.08.10"]
[EventType "swiss"]
[EventRounds "9"]
[EventCountry "CZE"]
[SourceTitle "CBM 119 Extra"]
[Source "ChessBase"]
[SourceDate "2007.09.04"]
[SourceVersion "1"]
[SourceVersionDate "2007.09.04"]
[SourceQuality "1"]

1. e4 c5 2. d4 cxd4 3. c3 dxc3 4. Nxc3 Nc6 5. Nf3 d6 6. Bc4 e6 7. O-O Nf6 8. Qe2 Be7 9. Rd1 e5 10. b4 ({RR} 10. Bb5 Bg4 11. Qc4 O-O 12. Bxc6 Rc8 13. Qa4 bxc6 14. Qxa7 d5 15. Qa4 d4 16. Qc2 Nd7 17. Ne2 c5 18. b3 c4 19. bxc4 Qc7 20. Ng3 Qxc4 21. Qxc4 Rxc4 22. Nf5 Bxf5 23. exf5 Ra8 24. Bb2 g6 {Lenderman,A (2418)-Gulko,B (2576) Cherry Hill 2007 0-1 (37)}) 10... Bg4 11. Be3 ({RR} 11. b5 Nd4 12. Qe3 Bxf3 13. gxf3 Nc2 14. Qd3 Nxa1 15. Ba3 O-O 16. Rxa1 Rc8 17. Nd5 Nxd5 18. Bxd5 Qb6 19. Bc1 Qd4 20. Qxd4 exd4 21. Bxb7 Rc2 22. Bf4 g5 23. Bg3 h5 24. h3 d3 25. Rd1 d2 {Purygin,A (2335)-Alonso Orta,O (2280) chess.com INT 2025 1-0 (45)}) 11... O-O 12. Rab1 $146 ({RR} 12. b5 Na5 13. Bd5 Qd7 14. Rac1 Bd8 15. Rc2 Nxd5 16. Nxd5 f5 17. Rdc1 fxe4 18. Rc7 Bxc7 19. Rxc7 exf3 20. Qd2 Qe6 21. Ne7+ Kh8 22. Qxa5 Rfe8 23. Nc6 bxc6 24. bxc6 fxg2 25. Bxa7 Qc4 26. Qe1 Rac8 {Brudzinski,M (2114)-Strzemiecki,Z (2306) Grodzisk Mazowiecki 2007 0-1}) ({RR} 12. a3 Rc8 13. Rac1 Bxf3 14. Qxf3 Nxb4 15. Nb5 Nc6 16. Bxa7 Nxa7 17. Nxa7 Ra8 18. Nb5 Qb6 19. Nc7 Ra7 20. Nd5 Nxd5 21. Bxd5 Bg5 22. Rc3 g6 23. Qd3 Kg7 24. Rb1 Qa5 25. Rb5 Qa4 26. Rcb3 Rb8 {Pagaran,M (2118)-Yap,K (2361) Bacolod 2017 ½-½ (35)}) 12... Rc8 13. h3 Bxf3 14. Qxf3 Nd7 15. Nd5 Bg5 16. b5 Nd4 17. Bxd4 Rxc4 18. Bxa7 Qa5 19. Qg4 Qxa7 20. Qxg5 Rxe4 21. Ne7+ Kh8 22. Rxd6 b6 23. Nc6 Qxa2 24. Rbd1 f6 25. Qh5 1-0

[Event "Titled Tuesday intern op1 4th Febr"]
[Site "Chess.com INT"]
[Date "2020.02.04"]
[Round "2"]
[White "Mikaelyan, Arman"]
[Black "Dobrikov, Marco"]
[Result "1-0"]
[WhiteElo "2479"]
[BlackElo "2317"]
[PlyCount "81"]
[EventDate "2020.02.04"]
[EventType "swiss (blitz)"]
[EventRounds "10"]
[EventCountry "USA"]
[SourceTitle "EXT 2021"]
[Source "ChessBase"]
[SourceDate "2020.10.23"]
[SourceVersion "1"]
[SourceVersionDate "2020.10.23"]
[SourceQuality "1"]

1. e4 c5 2. Nc3 Nc6 3. Bb5 g6 4. Bxc6 dxc6 5. d3 Bg7 6. f4 Nf6 7. Nf3 O-O 8. O-O Bg4 9. Be3 ({RR} 9. h3 Bxf3 10. Qxf3 Nd7 11. Kh1 a5 12. Bd2 a4 13. Rae1 b5 14. e5 Rc8 15. e6 fxe6 16. Rxe6 Rf6 17. Rfe1 Bf8 18. Qg4 Nb6 19. Ne4 Rf5 20. Rxg6+ hxg6 21. Qxg6+ Kh8 22. Qxf5 Qd5 23. Qg6 Qg8 {Sanal,V (2601)-Zakhartsov,V (2505) Chess.com INT 2022 1-0}) 9... Nd7 10. h3 Bxf3 11. Qxf3 Bd4 $146 ({RR} 11... b6 12. Rae1 Qc7 13. e5 Rad8 14. Ne4 Rfe8 15. Kh1 Nf8 16. f5 Qxe5 17. fxg6 fxg6 18. Qf7+ Kh8 19. Bg5 Qd5 20. Bxe7 Qxf7 21. Rxf7 Rc8 22. Nd6 Bxb2 23. Nxc8 Rxc8 24. Rxf8+ Rxf8 25. Bxf8 Bc3 26. Re7 {Kravtsiv,M (2598)-Skytte,R (2332) chess.com INT 2025 1-0 (60)}) 12. Bxd4 cxd4 13. Ne2 e5 14. fxe5 Nxe5 15. Qg3 Qd6 16. Rf2 Rae8 17. Raf1 c5 18. Nf4 Nc6 19. Qg4 Re5 20. Nd5 f5 21. Qh4 Ree8 22. Kh1 Kg7 23. Nf4 fxe4 24. dxe4 Ne5 25. Qg5 Nd7 26. Nh5+ Kg8 27. Rxf8+ Rxf8 28. Rxf8+ Nxf8 29. Nf6+ Kf7 30. Ng4 Qe7 31. Qf4+ Kg7 32. Qh6+ Kg8 33. e5 Nd7 34. Qf4 Qf7 35. Qe4 b6 36. e6 Qf1+ 37. Kh2 Nf6 38. Nxf6+ Qxf6 39. e7 Qd6+ 40. Kh1 Kf7 41. e8=Q+ 1-0

[Event "Titled Tue 13th May Late"]
[Site "chess.com INT"]
[Date "2025.05.13"]
[Round "8"]
[White "Obregon Rivero, J.."]
[Black "Boci, Mateu"]
[Result "1-0"]
[WhiteElo "2476"]
[BlackElo "2268"]
[PlyCount "117"]
[EventDate "2025.05.13"]

1. e4 c5 2. d4 cxd4 3. c3 dxc3 4. Nxc3 Nc6 5. Nf3 e6 6. Bc4 a6 7. O-O b5 8. Bb3 Bc5 ({RR} 8... Na5 9. Bf4 Bb7 10. Qd4 Ne7 11. Rfd1 Nec6 12. Qe3 Nxb3 13. axb3 Be7 14. Nd5 exd5 15. exd5 O-O 16. dxc6 Bxc6 17. Ne5 Qe8 18. Re1 Bb4 19. Rec1 Qe6 20. Qd4 a5 21. Rd1 Rfe8 22. h3 Qxb3 23. Rd3 {Kovchan,A (2240)-Averkin,O (2455) Yalta 1996 0-1 (53)}) 9. Bg5 ({RR} 9. Bf4 d6 10. Rc1 Nge7 11. Qe2 Ng6 12. Bg3 O-O 13. Rfd1 Qe7 14. h4 f6 15. h5 Nge5 16. Nh4 Nd4 17. Qd2 Nxb3 18. axb3 Bb7 19. Qe2 Rac8 20. h6 g6 21. Nf3 Nxf3+ 22. Qxf3 f5 23. Qf4 fxe4 {Arango Arenas,J (2230)-Boci,M (2258) chess.com INT 2025 0-1 (40)}) 9... f6 10. Bh4 $146 ({RR} 10. Bf4 Nge7 11. a3 O-O 12. Qe2 Ng6 13. Bg3 Nge5 14. Ba2 Bb7 15. Rad1 Qe8 16. Rd2 Nxf3+ 17. Qxf3 Ne5 18. Qe2 Bc6 19. Kh1 b4 20. axb4 Bxb4 21. Rc1 Bb5 22. Nxb5 axb5 23. Rd4 Nc6 24. Rxb4 Nxb4 {Novak,P-Rydl,F Svetla nad Sazavou 1996 1-0 (36)}) ({RR} 10. Bf4 Nge7 11. Rc1 Qb6 12. Bd6 Bxd6 13. Qxd6 Rb8 14. Qg3 O-O 15. Rfd1 Na5 16. Rd6 Qc7 17. Ne2 Nc4 18. Bxc4 bxc4 19. b3 e5 20. Rdd1 Qa5 21. bxc4 Qxa2 22. Nc3 Qa3 23. Nd5 Nxd5 24. exd5 d6 {Lorenz,S (1821)-Ivic,R (2118) Troisdorf 2005 0-1 (43)}) 10... Nge7 11. Rc1 d6 12. Ne2 O-O 13. Ned4 Nxd4 14. Nxd4 Ng6 15. Nxe6 Bxe6 16. Bxe6+ Kh8 17. Bg3 Qe7 18. Bf5 Rfe8 19. a3 a5 20. Qd3 Ne5 21. Qxb5 Reb8 22. Qe2 Rb3 23. Bxe5 fxe5 24. Qh5 g6 25. Bxg6 Rxb2 26. Rc3 Rf8 27. Bf5 Qf7 28. Qh6 Rfb8 29. Bxh7 Qxh7 30. Qf6+ Qg7 31. Rh3+ Kg8 32. Rg3 Qxg3 33. hxg3 Rf8 34. Qg6+ Kh8 35. Kh2 Bxf2 36. Qxd6 Rf7 37. Qxe5+ Kg8 38. Qg5+ Kf8 39. Qd8+ Kg7 40. Kh3 a4 41. Kg4 Rb5 42. Rxf2 Rxf2 43. Qd7+ Kf6 44. Qxb5 Ra2 45. Qc6+ Ke7 46. Qc5+ Kd8 47. Qd5+ Ke7 48. Qxa2 Kd7 49. Qd5+ Kc7 50. Qc4+ Kb6 51. Qxa4 Kc5 52. Qb4+ Kc6 53. Kf5 Kd7 54. e5 Ke8 55. e6 Kd8 56. Qd6+ Kc8 57. Qd7+ Kb8 58. e7 Ka8 59. e8=Q# 1-0